000 00225nam a22000857a 4500
008 160916b xxu||||| |||| 00| 0 eng d
100 _9582
_aAhmed.S.etal
245 _aMega Computers-VII
260 _aNew Delhi
_bP.P Publications
_c2007
999 _c3238
_d3238